वसन्ती भूमि के हजार मील / (Record no. 117347)

MARC details
000 -LEADER
fixed length control field 01064nam a22002537a 4500
005 - DATE AND TIME OF LATEST TRANSACTION
control field 20170124103054.0
010 ## - LIBRARY OF CONGRESS CONTROL NUMBER
LC control number B-158014
020 ## - INTERNATIONAL STANDARD BOOK NUMBER
Terms of availability 150.00
International Standard Book Number 8186803823
035 ## - SYSTEM CONTROL NUMBER
System control number B-158014
037 ## - SOURCE OF ACQUISITION
Source of stock number/acquisition Cen Lib/Ret
040 ## - CATALOGING SOURCE
Original cataloging agency DPL
Language of cataloging HN
082 ## - DEWEY DECIMAL CLASSIFICATION NUMBER
Classification number
Item number पाण्डेय
100 ## - MAIN ENTRY--PERSONAL NAME
Personal name पाण्डेय, वीरेन्द्र
9 (RLIN) 44529
245 ## - TITLE STATEMENT
Title वसन्ती भूमि के हजार मील /
Statement of responsibility, etc वीरेन्द्र पाण्डेय
246 ## - VARYING FORM OF TITLE
Title proper/short title Vasanti bhumi ke hazar meel /
Remainder of title by Veerendra Pandey
260 ## - PUBLICATION, DISTRIBUTION, ETC. (IMPRINT)
Place of publication, distribution, etc जयपुर
Name of publisher, distributor, etc नेशनल पब्लिशिंग हाउस
Date of publication, distribution, etc 2000
270 ## - ADDRESS
Address 337, चौड़ा रास्ता
City जयपुर
Postal code 302 003
300 ## - PHYSICAL DESCRIPTION
Extent 172पृ.
Dimensions 17सेमी(सजिल्द)
650 ## - SUBJECT ADDED ENTRY--TOPICAL TERM
Topical term or geographic name as entry element हिन्दी -- साहित्य
9 (RLIN) 71474
650 ## - SUBJECT ADDED ENTRY--TOPICAL TERM
Topical term or geographic name as entry element हिन्दी -- उपन्यास
9 (RLIN) 71475
650 ## - SUBJECT ADDED ENTRY--TOPICAL TERM
Topical term or geographic name as entry element Hindi -- Literature
9 (RLIN) 71476
650 ## - SUBJECT ADDED ENTRY--TOPICAL TERM
Topical term or geographic name as entry element Hindi -- Fiction
9 (RLIN) 27248
942 ## - ADDED ENTRY ELEMENTS (KOHA)
Source of classification or shelving scheme Dewey Decimal Classification
Koha item type Hindi Books
Classification part
Call number suffix पाण्डेय
Holdings
Withdrawn status Lost status Damaged status Not for loan Home library Current library Date acquired Source of acquisition Cost, normal purchase price Total Checkouts Full call number Barcode Date last seen Copy number Cost, replacement price Price effective from Koha item type
        Central Library Central Library 27/08/2015 Cen Lib/Ret 150.00   उ पाण्डेय B-158014 27/08/2015 1 150.00 27/08/2015 Hindi Books

© Delhi Public Library
Hit Counter
free hit counter